000 00820nam a2200301Ia 4500
001 4233
005 20240113233722.0
007 ta
008 050609s1994 g b000 u asm u
020 _cRs. 65.00 (HB)
040 _aCotton College,Assam
041 _aasm
082 _a891.4108
_bDe 369 He
100 _aDeka, Kanak Ch. .
245 0 _aHemanta Kumar Sarma /
_cKanak Ch. Deka.
_hTextual Documents
250 _a1st ed. /
260 _aGuwahati :
_bSurabhi Sahitya Samaj ,
_c1994.
300 _a233p. ;
_c22cm.
365 _aRs. 65.00
653 _aAssamese Literature-Criticism
653 _aAssamese Poetry
653 _aAssamese Biography
653 _aBiography-Hemanta Kr. Sarma
653 _aPG-Assamese
942 _2ddc
_cBK
999 _c4220
_d4220